|
|
|
|
| LEADER |
00000cac a2200000 a 4500 |
| 001 |
103816 |
| 003 |
Ucuenca |
| 005 |
20230308212005.0 |
| 008 |
005012|2003 ||||||||r|||||||||||spa|| |
| 020 |
|
|
|a 99727180805
|
| 040 |
|
|
|b spa
|
| 041 |
0 |
|
|a spa
|
| 082 |
0 |
|
|a 704
|
| 100 |
1 |
|
|a Laso, Francisco
|9 194346
|
| 245 |
1 |
1 |
|a Aguinaldo para las señoras del Perú y otros ensayos
|c Francisco Laso
|h imp
|
| 264 |
|
|
|a Lima
|b Museo de arte de Lima
|c 2003
|
| 300 |
|
|
|a 251 páginas:
|c 24 cm
|
| 490 |
|
|
|a Colección Manuel Moreyra Loredo: Fuentes para la Historia del Arte Peruano
|n tomo 2
|
| 650 |
1 |
|
|a Ensayos de arte
|9 194347
|
| 650 |
1 |
|
|a Arte peruano
|9 6635
|
| 852 |
|
|
|a UC-CDJBV
|f Canje
|l 1
|m General
|p 20050124
|q 1,00
|r 2
|t 103816
|y 29473
|b 0
|d CDRC
|e CDRC
|g 704 SEGUNDO PISO
|z 2005-50-12
|
| 942 |
|
|
|c BK
|
| 999 |
|
|
|c 120573
|d 120573
|